000 00545nam a2200181Ia 4500
003 OSt
005 20240502112717.0
008 210210b1933 xxu||||| |||| 00| 0 eng d
040 _cAL
041 _aKannada
082 _a854/83
100 _aGUNDAPPA (D V)
_9109764
_dಗುಂಡಪ್ಪ (ಡಿ ವಿ)
245 _aJIvana saundarya mattu sahitya
_b ಜೀವನ ಸೌಂದರ್ಯ ಮತ್ತು ಸಾಹಿತ್ಯ
260 _aBengaluru
_b-
_c1933
690 _aKannada Criticism
_9109766
906 _a019935
942 _2ddc
_cBK
999 _c144085
_d144085